| 000 | 00783nam a2200301 4500 | ||
|---|---|---|---|
| 005 | 20240821162345.0 | ||
| 008 | 150324b2013 xxu||||| |||| 00| 0 spa d | ||
| 020 | _a9789977135724 | ||
| 041 | _aESP | ||
| 082 | _a345.025 B858m | ||
| 100 |
_aBriones Briones, Erick _927847 |
||
| 100 | _aVargas Morúa, Elizarda | ||
| 245 | _aManual sobre acoso laboral | ||
| 260 | _aCosta Rica | ||
| 260 | _bIJSA | ||
| 260 | _c2013 | ||
| 300 | _a174 páginas | ||
| 650 | _aCOSTA RICA | ||
| 650 | _aACOSO LABORAL | ||
| 650 | _aDELITOS CONTRA LAS PERSONAS | ||
| 650 | _aDERECHO LABORAL | ||
| 650 | _aLEGISLACIÓN COSTARRICENSE | ||
| 650 | _aJURISPRUDENCIA | ||
| 650 | _aPROCEDIMIENTO ADMINISTRATIVO | ||
| 650 | _aRELACIONES LABORALES | ||
| 650 | _aPREVENCIÓN | ||
| 942 |
_cBK _2ddc |
||
| 999 |
_c4098 _d4098 |
||